| 000 | 00625 a2200241 4500 | ||
|---|---|---|---|
| 999 |
_c200001001 _d38088 |
||
| 001 | 200001001 | ||
| 003 | TR-AnTOB | ||
| 005 | 20230818160921.0 | ||
| 008 | 140303s2009 ko | ||
| 020 | _a9781599663586 | ||
| 040 |
_aTR-AnTOB _beng _cTR-AnTOB _erda |
||
| 041 | _aeng | ||
| 050 | 1 | 4 | _aPEE |
| 099 | _aPEE TIBT MAS WRT ADV 2009 | ||
| 100 |
_aYancey, Patrick _969061 |
||
| 245 | 0 |
_aBuilding Skills for the Toefl IBT _bSpeaking Advanced |
|
| 264 | 1 |
_aKorea: _bCompass, _c2009 |
|
| 300 |
_a175, 36 p. _c28 cm. + _e1 CD-ROM |
||
| 700 |
_aMalarcher, Casey _969063 |
||
| 700 |
_aZeter Jeff _969149 |
||
| 942 |
_cBK _2lcc |
||